[Event "Benidorm 2003 - sub2300"]
[Site "Benidorm ESP"]
[Date "2003.11.23"]
[Round "3.1"]
[White "Renteria Becerra, Jorge Eliecer"]
[Black "Martinez Torho, Jorge"]
[Result "1-0"]
[WhiteElo "2281"]
[BlackElo "2218"]
[PlyCount "121"]
[EventDate "2003.11.21"]
[EventType "swiss"]
[EventRounds "9"]
[EventCountry "ESP"]
[Source "lmi"]
[SourceDate "2003.11.21"]

1. e4 c5 2. Nf3 Nc6 3. Bb5 a6 4. Bxc6 dxc6 5. b3 e5 6. O-O f6 7. d3 Bg4 8. Be3
Qc7 9. Nbd2 Nh6 10. Bxh6 gxh6 11. Nc4 Rg8 12. Ne3 Qd7 13. Nxg4 Qxg4 14. g3
O-O-O 15. Kh1 f5 16. exf5 Qxf5 17. Qe2 Bd6 18. Rae1 Rde8 19. Qe4 Rgf8 20. Qxf5+
Rxf5 21. Kg2 Kd7 22. Re2 Rf6 23. Nd2 Rfe6 24. Ne4 b6 25. Rfe1 Bc7 26. Re3 Rf8
27. Rf3 Ke7 28. Rxf8 Kxf8 29. Re3 Kg7 30. Rf3 Bd8 31. Rf5 Be7 32. Kf3 Bd8 33.
h4 Bc7 34. h5 Bd8 35. Nd2 Bf6 36. Ke4 Rd6 37. Nf3 Kf7 38. Nxe5+ Ke6 39. Nf3 Rd7
40. Rf4 Re7 41. Ke3 Rg7 42. g4 Bg5 43. Nxg5+ hxg5 44. Rf8 Kd6 45. Rf6+ Kd7 46.
Ke4 Re7+ 47. Kf5 Re2 48. Kxg5 Rxc2 49. Rf7+ Ke6 50. Rxh7 Rxf2 51. Rb7 b5 52. h6
Rxa2 53. h7 Rh2 54. Kg6 Ke5 55. g5 Kd4 56. Rb6 a5 57. Rxc6 a4 58. bxa4 bxa4 59.
Ra6 Kxd3 60. Rxa4 c4 61. Ra8 1-0

[Event "Benidorm 2003 - sub2300"]
[Site "Benidorm ESP"]
[Date "2003.11.23"]
[Round "3.2"]
[White "Ferron Garcia, Carlos"]
[Black "Agayev, Nidjat"]
[Result "0-1"]
[WhiteElo "2279"]
[BlackElo "2203"]
[PlyCount "64"]
[EventDate "2003.11.21"]
[EventType "swiss"]
[EventRounds "9"]
[EventCountry "ESP"]
[Source "lmi"]
[SourceDate "2003.11.21"]

1. e4 e5 2. Bb5 c6 3. Ba4 Nf6 4. d3 Qa5+ 5. c3 Qc7 6. f4 exf4 7. Qf3 d5 8. Bxf4
dxe4 9. dxe4 Qb6 10. Nd2 Qxb2 11. Rb1 Qxa2 12. Bb3 Qa5 13. Bxb8 Rxb8 14. Qg3
Ra8 15. Ne2 Qh5 16. Rf1 Qg4 17. Qe5+ Be7 18. h3 Qd7 19. Rxf6 gxf6 20. Qh5 Bd6
21. Nc4 Bc7 22. Nd4 Qe7 23. Kd2 Be6 24. Nd6+ Bxd6 25. Nxe6 Kd7 26. Nd4 Rhf8 27.
Qxh7 Kc7 28. Qh5 Qxe4 29. Bc2 Bf4+ 30. Kd1 Qxg2 31. Nb5+ cxb5 32. Qc5+ Qc6 0-1

[Event "Benidorm 2003 - sub2300"]
[Site "Benidorm ESP"]
[Date "2003.11.23"]
[Round "3.3"]
[White "Manea, Alexandru"]
[Black "Ortells Perez, Victor"]
[Result "1/2-1/2"]
[WhiteElo "2265"]
[BlackElo "2201"]
[PlyCount "72"]
[EventDate "2003.11.21"]
[EventType "swiss"]
[EventRounds "9"]
[EventCountry "ESP"]
[Source "lmi"]
[SourceDate "2003.11.21"]

1. e4 c5 2. Nf3 e6 3. b3 b6 4. Bb2 Bb7 5. Nc3 Nc6 6. d4 cxd4 7. Nxd4 d6 8. g3
Nf6 9. Bg2 Rc8 10. O-O Be7 11. Nde2 Qc7 12. h3 a6 13. a4 h5 14. f4 Nb4 15. Bf3
d5 16. e5 Ne4 17. h4 Qc5+ 18. Kg2 g6 19. Rc1 Qe3 20. Nb1 Bc5 21. Bd4 Bxd4 22.
Qxd4 Qxd4 23. Nxd4 Nc3 24. Nxc3 Rxc3 25. Ne2 Rc7 26. c3 Nd3 27. Rb1 Nc5 28. Kf2
Kd7 29. Ke3 Rhc8 30. Rfc1 a5 31. Nd4 Ba6 32. Be2 Bxe2 33. Nxe2 Ne4 34. Kd4 Nc5
35. Rb2 Rc6 36. Ra1 Na6 1/2-1/2

[Event "Benidorm 2003 - sub2300"]
[Site "Benidorm ESP"]
[Date "2003.11.23"]
[Round "3.4"]
[White "Fernandez De Pablo, Miguel"]
[Black "Madina, Martin"]
[Result "0-1"]
[WhiteElo "2209"]
[BlackElo "2262"]
[PlyCount "34"]
[EventDate "2003.11.21"]
[EventType "swiss"]
[EventRounds "9"]
[EventCountry "ESP"]
[Source "lmi"]
[SourceDate "2003.11.21"]

1. e4 c5 2. Nf3 d6 3. d4 cxd4 4. Nxd4 Nf6 5. Nc3 a6 6. Bg5 e6 7. f4 Qb6 8. f5
Be7 9. fxe6 fxe6 10. Qd2 Nc6 11. Nxc6 bxc6 12. Be2 Rb8 13. Be3 Qa5 14. O-O Rxb2
15. Bc4 d5 16. Bb3 Bb4 17. Bd4 Nxe4 0-1

[Event "Benidorm 2003 - sub2300"]
[Site "Benidorm ESP"]
[Date "2003.11.23"]
[Round "3.5"]
[White "De la Fuente Gonzalez, Francisco"]
[Black "Planas, Juan"]
[Result "1-0"]
[WhiteElo "2260"]
[BlackElo "2199"]
[PlyCount "115"]
[EventDate "2003.11.21"]
[EventType "swiss"]
[EventRounds "9"]
[EventCountry "ESP"]
[Source "lmi"]
[SourceDate "2003.11.21"]

1. d4 d5 2. c4 c6 3. Nc3 Nf6 4. Nf3 dxc4 5. a4 Bf5 6. e3 e6 7. Bxc4 Bb4 8. O-O
O-O 9. Qb3 Qe7 10. Ne5 Nbd7 11. Na2 a5 12. Nxb4 Qxb4 13. Qxb4 axb4 14. Nxd7
Nxd7 15. Bd2 Nb6 16. Bb3 Ra6 17. Bxb4 Rfa8 18. a5 Nd5 19. Bd2 b6 20. Bc4 R6a7
21. b4 b5 22. Be2 f6 23. Rfc1 Ra6 24. f3 Bg6 25. Rc5 Be8 26. Rac1 Kf7 27. e4
Ne7 28. Be3 Rd8 29. Kf2 Kf8 30. Bd1 Bf7 31. Bc2 Be8 32. Bb3 Bf7 33. Rd1 Rd7 34.
g4 Ra8 35. f4 Rad8 36. Rb1 g6 37. Kf3 f5 38. gxf5 gxf5 39. e5 Rc7 40. Bf2 Nd5
41. Bxd5 Rxd5 42. Rbc1 Rxc5 43. dxc5 Rd7 44. Ke3 Bh5 45. Bh4 Be8 46. Ra1 Ra7
47. Bd8 Bd7 48. Bb6 Ra8 49. a6 Bc8 50. a7 Bb7 51. Rd1 Ke7 52. Rg1 Rf8 53. Bc7
Kf7 54. Rd1 Re8 55. Bd8 Ba8 56. Rd7+ Kf8 57. Kf3 Kg8 58. Bf6 1-0

[Event "Benidorm 2003 - sub2300"]
[Site "Benidorm ESP"]
[Date "2003.11.23"]
[Round "3.6"]
[White "Martin Perez, Javier"]
[Black "Lada, Ireneusz"]
[Result "0-1"]
[WhiteElo "2255"]
[BlackElo "2192"]
[PlyCount "54"]
[EventDate "2003.11.21"]
[EventType "swiss"]
[EventRounds "9"]
[EventCountry "ESP"]
[Source "lmi"]
[SourceDate "2003.11.21"]

1. e4 c6 2. d4 d5 3. exd5 cxd5 4. c4 Nf6 5. Nf3 e6 6. Nc3 Be7 7. cxd5 Nxd5 8.
Bd3 Nc6 9. O-O O-O 10. Re1 Bf6 11. Be4 Nce7 12. Ne5 g6 13. Qf3 Bg7 14. h4 b6
15. h5 Bb7 16. hxg6 fxg6 17. Qg4 Nf5 18. Bg5 Bf6 19. Bxd5 Bxd5 20. Bf4 Rc8 21.
Rad1 Bg7 22. Bg5 Bf6 23. Bxf6 Rxf6 24. Nd3 Rc4 25. Nf4 Nxd4 26. Ncxd5 exd5 27.
Re5 Rxf4 0-1

[Event "Benidorm 2003 - sub2300"]
[Site "Benidorm ESP"]
[Date "2003.11.23"]
[Round "3.7"]
[White "Perez Lopez, Jesus Maria"]
[Black "Lacrosse, Marc"]
[Result "0-1"]
[WhiteElo "2205"]
[BlackElo "2255"]
[PlyCount "58"]
[EventDate "2003.11.21"]
[EventType "swiss"]
[EventRounds "9"]
[EventCountry "ESP"]
[Source "lmi"]
[SourceDate "2003.11.21"]

1. d4 d5 2. c4 e6 3. Nf3 Nf6 4. Bg5 c6 5. e3 Nbd7 6. cxd5 exd5 7. Nc3 Be7 8.
Qc2 O-O 9. Bd3 Re8 10. h3 Nf8 11. O-O-O Be6 12. Kb1 Rc8 13. g4 a6 14. Rc1 c5
15. dxc5 Rxc5 16. Nd4 b5 17. Qd2 N6d7 18. Bxe7 Qxe7 19. Nf5 Bxf5 20. Bxf5 Nb6
21. Ne2 Nc4 22. Qc3 g6 23. Rhg1 f6 24. Bc2 Qc7 25. Nf4 Nxe3 26. Qd4 Nxc2 27.
Rxc2 Rxc2 28. Nxd5 Qe5 29. Nxf6+ Kg7 0-1

[Event "Benidorm 2003 - sub2300"]
[Site "Benidorm ESP"]
[Date "2003.11.23"]
[Round "3.8"]
[White "Buxade Roca, Guillermo"]
[Black "Kutuzov, Denis"]
[Result "0-1"]
[WhiteElo "2202"]
[BlackElo "2249"]
[PlyCount "70"]
[EventDate "2003.11.21"]
[EventType "swiss"]
[EventRounds "9"]
[EventCountry "ESP"]
[Source "lmi"]
[SourceDate "2003.11.21"]

1. e4 a6 2. Nf3 b5 3. d4 Bb7 4. Bd3 Nf6 5. Qe2 e6 6. O-O c5 7. c3 Be7 8. a4 b4
9. e5 Nd5 10. c4 Nc7 11. dxc5 Bxc5 12. Nbd2 d5 13. Nb3 dxc4 14. Bxc4 Be7 15.
Be3 O-O 16. Rfd1 Nd7 17. Rac1 Nd5 18. Bd4 Bg5 19. Nbd2 Nf4 20. Qf1 Nh3+ 21. Kh1
Bxf3 22. gxf3 Bxd2 23. Rxd2 Qh4 24. Qg2 Rfd8 25. b3 Nb6 26. Qg3 Rxd4 27. Rxd4
Nxf2+ 28. Kg2 Qxd4 29. Qxf2 Qxe5 30. Qd2 g6 31. Re1 Nxc4 32. bxc4 Qc5 33. Re4
b3 34. Qc3 Rb8 35. Re2 Qb4 0-1

[Event "Benidorm 2003 - sub2300"]
[Site "Benidorm ESP"]
[Date "2003.11.23"]
[Round "3.12"]
[White "Gonzalez Valero, Julio"]
[Black "Angel Acosta, Juan Carlos"]
[Result "1-0"]
[WhiteElo "2231"]
[BlackElo "2151"]
[PlyCount "107"]
[EventDate "2003.11.21"]
[EventType "swiss"]
[EventRounds "9"]
[EventCountry "ESP"]
[Source "lmi"]
[SourceDate "2003.11.21"]

1. c4 Nf6 2. Nc3 e6 3. e4 e5 4. Nf3 d6 5. d4 exd4 6. Nxd4 Be7 7. Be2 Bd7 8. O-O
Nc6 9. Nc2 O-O 10. f4 Qc8 11. Ne3 Nb4 12. a3 Na6 13. b4 c6 14. Bb2 Nc7 15. e5
Nfe8 16. Ne4 dxe5 17. fxe5 a5 18. Nd6 Nxd6 19. exd6 Bg5 20. Ng4 Ne6 21. c5 Qd8
22. Bd3 b6 23. Qc2 h5 24. Ne5 Nf4 25. Bh7+ Kh8 26. Bf5 Be6 27. g3 Bd5 28. Rxf4
Bxf4 29. gxf4 axb4 30. axb4 Rxa1+ 31. Bxa1 bxc5 32. bxc5 Kg8 33. Qc3 f6 34. Ng6
Re8 35. Ne7+ Rxe7 36. dxe7 Qxe7 37. Kf2 Qa7 38. Bb2 Qa4 39. Qe3 Kf7 40. Bc3 Qa7
41. Bd3 Qa2+ 42. Be2 Qb1 43. Bxh5+ g6 44. Bf3 Be6 45. Bxc6 Qc2+ 46. Bd2 Qf5 47.
Bg2 g5 48. c6 g4 49. Qa7+ Kg6 50. Qd4 Qh5 51. c7 Bf5 52. Qd8 Qxh2 53. Qg8+ Kh6
54. Qh8+ 1-0

[Event "Benidorm 2003 - sub2300"]
[Site "Benidorm ESP"]
[Date "2003.11.23"]
[Round "3.13"]
[White "Gonzalez Marrero, Jacob"]
[Black "Pallardo Lozoya, Jose Vicente"]
[Result "0-1"]
[WhiteElo "2229"]
[BlackElo "2117"]
[PlyCount "88"]
[EventDate "2003.11.21"]
[EventType "swiss"]
[EventRounds "9"]
[EventCountry "ESP"]
[Source "lmi"]
[SourceDate "2003.11.21"]

1. d4 c5 2. d5 Nf6 3. Nc3 d6 4. e4 g6 5. Nf3 Bg7 6. Bb5+ Nbd7 7. a4 a6 8. Bc4
b6 9. h3 O-O 10. O-O Ne8 11. Bf4 Ne5 12. Nxe5 dxe5 13. Be3 Nd6 14. Qd3 f5 15.
f3 f4 16. Bf2 g5 17. Rfb1 a5 18. Nb5 h5 19. c3 g4 20. hxg4 hxg4 21. Kf1 Rf6 22.
b4 cxb4 23. cxb4 Rh6 24. Ke2 Rh2 25. bxa5 bxa5 26. Nxd6 exd6 27. Kf1 Qg5 28.
Bg1 gxf3 29. Qxf3 Bg4 30. Qf2 Rh1 31. Rb3 Rc8 32. Rc3 Bf6 33. Rac1 Qh4 34. Be2
Rxc3 35. Rxc3 Qxf2+ 36. Kxf2 Bxe2 37. Kxe2 Rxg1 38. Kf3 Rf1+ 39. Kg4 Kf7 40.
Kf5 Rh1 41. g4 fxg3 42. Rxg3 Rh5+ 43. Kg4 Rg5+ 44. Kf3 Rxg3+ 0-1

[Event "Benidorm 2003 - sub2300"]
[Site "Benidorm ESP"]
[Date "2003.11.23"]
[Round "3.14"]
[White "Fossum, Oystein Boyum"]
[Black "Cano Sanchez, Josue"]
[Result "1-0"]
[WhiteElo "2098"]
[BlackElo "2224"]
[PlyCount "63"]
[EventDate "2003.11.21"]
[EventType "swiss"]
[EventRounds "9"]
[EventCountry "ESP"]
[Source "lmi"]
[SourceDate "2003.11.21"]

1. e4 c6 2. d4 d5 3. f3 e6 4. Nc3 Bb4 5. Nge2 Nf6 6. Qd3 b6 7. Bd2 Ba6 8. Qe3
O-O 9. O-O-O Qc7 10. Be1 Be7 11. Bg3 Qd8 12. Nf4 Bxf1 13. Rhxf1 Nbd7 14. Rfe1
Nb8 15. Kb1 Kh8 16. Nd3 Nbd7 17. exd5 cxd5 18. Bf4 a6 19. g4 Rc8 20. Ne2 Ne8
21. g5 Nd6 22. h4 Nf5 23. Qf2 Rc6 24. Rh1 Bd6 25. Bxd6 Rxd6 26. Ng3 Nxg3 27.
Qxg3 Qe7 28. h5 f6 29. Nf4 Kg8 30. Ng6 Qe8 31. Qxd6 hxg6 32. hxg6 1-0

[Event "Benidorm 2003 - sub2300"]
[Site "Benidorm ESP"]
[Date "2003.11.23"]
[Round "3.15"]
[White "Radovanovic, Jovica"]
[Black "Picazo Lopez, Juan Antonio"]
[Result "1-0"]
[WhiteElo "2219"]
[BlackElo "2113"]
[PlyCount "33"]
[EventDate "2003.11.21"]
[EventType "swiss"]
[EventRounds "9"]
[EventCountry "ESP"]
[Source "lmi"]
[SourceDate "2003.11.21"]

1. e4 c5 2. Nf3 Nc6 3. Bb5 g6 4. Bxc6 dxc6 5. d3 Bg7 6. h3 e5 7. Be3 b6 8. a4
Ne7 9. a5 Bd7 10. Nbd2 O-O 11. Nc4 Qc7 12. O-O Be6 13. axb6 axb6 14. Qd2 Rxa1
15. Rxa1 Rd8 16. Qc3 f6 17. Nxb6 1-0

[Event "Benidorm 2003 - sub2300"]
[Site "Benidorm ESP"]
[Date "2003.11.23"]
[Round "3.16"]
[White "Rouzaud, Philippe"]
[Black "Delgado Pico, Lluis"]
[Result "1-0"]
[WhiteElo "2284"]
[BlackElo "2052"]
[PlyCount "101"]
[EventDate "2003.11.21"]
[EventType "swiss"]
[EventRounds "9"]
[EventCountry "ESP"]
[Source "lmi"]
[SourceDate "2003.11.21"]

1. e4 d6 2. d4 Nf6 3. f3 g6 4. Be3 Bg7 5. Qd2 Nbd7 6. Bd3 c6 7. a4 e5 8. c3 O-O
9. Ne2 Re8 10. O-O d5 11. exd5 Nxd5 12. Bf2 Nf8 13. Na3 Ne6 14. dxe5 Bxe5 15.
Nc4 Bg7 16. Rfd1 Qg5 17. Qxg5 Nxg5 18. Nd6 Rd8 19. Nxc8 Rdxc8 20. Bc4 Rd8 21.
Bxd5 cxd5 22. Rd3 Rd7 23. Rad1 Rad8 24. Bxa7 Re8 25. Kf2 Ra8 26. Be3 Ne6 27.
Rxd5 Rxd5 28. Rxd5 Rxa4 29. Rb5 Nd8 30. Bg5 f6 31. Bf4 Rc4 32. b3 Rc8 33. c4
Bf8 34. Nc3 Rc5 35. Ke2 Rxb5 36. Nxb5 Ne6 37. Be3 Kf7 38. Kd3 Bb4 39. Ke4 Bc5
40. Bxc5 Nxc5+ 41. Kd5 Nxb3 42. Nd6+ Ke7 43. Nxb7 h5 44. c5 Kd7 45. c6+ Kc7 46.
Nd6 Kd8 47. Nb5 Nd2 48. Ke6 g5 49. h3 g4 50. fxg4 hxg4 51. h4 1-0

[Event "Benidorm 2003 - sub2300"]
[Site "Benidorm ESP"]
[Date "2003.11.23"]
[Round "3.17"]
[White "Sanchez Criado, Lluis"]
[Black "Yepes Martinez, Eduardo"]
[Result "1-0"]
[WhiteElo "2180"]
[BlackElo "2298"]
[PlyCount "57"]
[EventDate "2003.11.21"]
[EventType "swiss"]
[EventRounds "9"]
[EventCountry "ESP"]
[Source "lmi"]
[SourceDate "2003.11.21"]

1. d4 f5 2. g3 Nf6 3. Bg2 g6 4. c3 Bg7 5. Qb3 d5 6. Nh3 e6 7. Nf4 Qe7 8. Nd2
Nbd7 9. Nf3 Ne4 10. h4 c5 11. Qa3 b6 12. Nd3 c4 13. Qxe7+ Kxe7 14. Nde5 Nxe5
15. Nxe5 Bxe5 16. dxe5 Nc5 17. Bg5+ Kf7 18. O-O-O h6 19. Be3 Nd7 20. Rxd5 Rb8
21. Rd2 Ke8 22. Rhd1 Rh7 23. Bc6 h5 24. Bg5 Bb7 25. Bxb7 Rxb7 26. Rd6 Nc5 27.
Rd8+ Kf7 28. R1d6 Rg7 29. Be3 1-0

[Event "Benidorm 2003 - sub2300"]
[Site "Benidorm ESP"]
[Date "2003.11.23"]
[Round "3.18"]
[White "Gabaldon Gomez, Miguel Angel"]
[Black "Buenafe Moya, Javier"]
[Result "1-0"]
[WhiteElo "2186"]
[BlackElo "2298"]
[PlyCount "81"]
[EventDate "2003.11.21"]
[EventType "swiss"]
[EventRounds "9"]
[EventCountry "ESP"]
[Source "lmi"]
[SourceDate "2003.11.21"]

1. d4 c5 2. d5 f5 3. Nf3 g6 4. g3 Bg7 5. Bg2 d6 6. O-O Nf6 7. c4 O-O 8. Nc3 Na6
9. Qd3 Rb8 10. Bd2 Bd7 11. a4 Nb4 12. Qb1 e6 13. Ne1 exd5 14. cxd5 Qe7 15. Nc2
Nxc2 16. Qxc2 b6 17. Rae1 a6 18. e4 fxe4 19. Bg5 Bf5 20. Bxe4 Bxe4 21. Rxe4 Qd7
22. Bxf6 Bxf6 23. Re6 Rbe8 24. Qe4 Be5 25. f4 Rxe6 26. dxe6 Bd4+ 27. Kg2 Qg7
28. Nd5 Bxb2 29. Re1 Re8 30. e7 Qf7 31. Nc7 d5 32. Qe2 Bc3 33. Nxe8 Qxe8 34.
Qe6+ Kg7 35. Re2 d4 36. Qd5 Bb4 37. f5 gxf5 38. Qxf5 c4 39. Qg5+ Kh8 40. Qf6+
Kg8 41. Re4 1-0

[Event "Benidorm 2003 - sub2300"]
[Site "Benidorm ESP"]
[Date "2003.11.23"]
[Round "3.19"]
[White "Rodriguez Cordon, Luis"]
[Black "Morales Camacho, Julian"]
[Result "1-0"]
[WhiteElo "2271"]
[BlackElo "2183"]
[PlyCount "73"]
[EventDate "2003.11.21"]
[EventType "swiss"]
[EventRounds "9"]
[EventCountry "ESP"]
[Source "lmi"]
[SourceDate "2003.11.21"]

1. d4 d6 2. c4 e5 3. Nc3 exd4 4. Qxd4 Nf6 5. b3 Nc6 6. Qd2 g6 7. Bb2 Bg7 8. g3
O-O 9. Nh3 a5 10. Nf4 Nd7 11. Bg2 Nce5 12. Ne4 Re8 13. O-O a4 14. Rac1 axb3 15.
axb3 Ra2 16. Nc3 Ra6 17. Na4 c6 18. Rfd1 Bf8 19. Nd3 Qe7 20. Nxe5 dxe5 21. c5
Qe6 22. Qc3 Qf5 23. Rd3 Rxa4 24. Rxd7 Qxd7 25. bxa4 Qg4 26. Qc4 Rd8 27. Qc2 Bf5
28. Qc3 f6 29. a5 Qxe2 30. Bf1 Qg4 31. Qb3+ Be6 32. Qxb7 Bd5 33. Bg2 Bxg2 34.
Kxg2 Qe4+ 35. Kg1 Bh6 36. Rf1 Be3 37. Qb3+ 1-0

[Event "Benidorm 2003 - sub2300"]
[Site "Benidorm ESP"]
[Date "2003.11.23"]
[Round "3.20"]
[White "Goormachtigh, Johan"]
[Black "Mogranzini, Roberto"]
[Result "1/2-1/2"]
[WhiteElo "2266"]
[BlackElo "2172"]
[PlyCount "46"]
[EventDate "2003.11.21"]
[EventType "swiss"]
[EventRounds "9"]
[EventCountry "ESP"]
[Source "lmi"]
[SourceDate "2003.11.21"]

1. d4 Nf6 2. c4 g6 3. Nc3 d5 4. Nf3 Bg7 5. cxd5 Nxd5 6. e4 Nxc3 7. bxc3 O-O 8.
Be3 c5 9. Qd2 Qa5 10. Rc1 Bg4 11. d5 Bxf3 12. gxf3 Rd8 13. Be2 Nc6 14. O-O e6
15. Rfd1 exd5 16. exd5 Ne7 17. c4 Qxd2 18. Rxd2 Nf5 19. Bd3 Nd4 20. Bxd4 Bxd4
21. Re2 Re8 22. Rce1 Rxe2 23. Rxe2 Kf8 1/2-1/2

[Event "Benidorm 2003 - sub2300"]
[Site "Benidorm ESP"]
[Date "2003.11.23"]
[Round "3.21"]
[White "Cano Gimenez, Vicente"]
[Black "Varga, Mariano"]
[Result "1/2-1/2"]
[WhiteElo "2178"]
[BlackElo "2266"]
[PlyCount "55"]
[EventDate "2003.11.21"]
[EventType "swiss"]
[EventRounds "9"]
[EventCountry "ESP"]
[Source "lmi"]
[SourceDate "2003.11.21"]

1. c4 c5 2. Nf3 e6 3. g3 d5 4. Bg2 Nc6 5. O-O Nf6 6. cxd5 exd5 7. d4 cxd4 8.
Nxd4 Be7 9. Nc3 O-O 10. Bg5 h6 11. Be3 Re8 12. Rc1 Ne5 13. Qb3 Be6 14. Rfd1 Qa5
15. Nxe6 fxe6 16. Bd4 Nc6 17. e4 Nxd4 18. Rxd4 Bc5 19. Ra4 Bxf2+ 20. Kh1 Qc5
21. exd5 exd5 22. Rf1 Rad8 23. Rf4 Re1 24. Rxe1 Bxe1 25. Nxd5 Nxd5 26. Rf5 Kh8
27. Rxd5 Rxd5 28. Qxd5 1/2-1/2

[Event "Benidorm 2003 - sub2300"]
[Site "Benidorm ESP"]
[Date "2003.11.23"]
[Round "3.22"]
[White "Carnicero Rodriguez, Luis"]
[Black "Ballesteros Gonzalez, David"]
[Result "1/2-1/2"]
[WhiteElo "2146"]
[BlackElo "2259"]
[PlyCount "24"]
[EventDate "2003.11.21"]
[EventType "swiss"]
[EventRounds "9"]
[EventCountry "ESP"]
[Source "lmi"]
[SourceDate "2003.11.21"]

1. Nf3 Nf6 2. c4 g6 3. Nc3 Bg7 4. e4 d6 5. d4 O-O 6. Be2 e5 7. O-O Nbd7 8. Be3
c6 9. d5 c5 10. Ne1 a6 11. a4 Qe7 12. a5 Ne8 1/2-1/2

[Event "Benidorm 2003 - sub2300"]
[Site "Benidorm ESP"]
[Date "2003.11.23"]
[Round "3.23"]
[White "De la Cruz Sanchez, C Gustavo"]
[Black "Mollero, Michele"]
[Result "1-0"]
[WhiteElo "2259"]
[BlackElo "2179"]
[PlyCount "39"]
[EventDate "2003.11.21"]
[EventType "swiss"]
[EventRounds "9"]
[EventCountry "ESP"]
[Source "lmi"]
[SourceDate "2003.11.21"]

1. e4 e6 2. d4 d5 3. Nc3 Bb4 4. Bd2 dxe4 5. Qg4 Qxd4 6. Nf3 Nh6 7. Qxe6+ Bxe6
8. Nxd4 Bd7 9. O-O-O Nf5 10. Nxf5 Bxf5 11. Nd5 Bd6 12. Bb4 Bxb4 13. Nxc7+ Ke7
14. Nd5+ Kd8 15. Nxb4+ Nd7 16. Bb5 Rc8 17. Rd4 Ke7 18. Nd5+ Kd6 19. Ne3+ Kc5
20. Rd5+ 1-0

[Event "Benidorm 2003 - sub2300"]
[Site "Benidorm ESP"]
[Date "2003.11.23"]
[Round "3.24"]
[White "Garcia Gonzalez, Fernando"]
[Black "Roofdhooft, Marcel"]
[Result "1/2-1/2"]
[WhiteElo "2129"]
[BlackElo "2257"]
[PlyCount "46"]
[EventDate "2003.11.21"]
[EventType "swiss"]
[EventRounds "9"]
[EventCountry "ESP"]
[Source "lmi"]
[SourceDate "2003.11.21"]

1. d4 d5 2. Nf3 Nf6 3. Bg5 e6 4. e3 Be7 5. Bd3 O-O 6. Nbd2 b6 7. Qe2 Bb7 8. Ne5
Ne4 9. Bxe7 Qxe7 10. h4 f6 11. Nef3 Nd7 12. h5 c5 13. c3 Rfe8 14. Nh4 Nf8 15.
Qg4 Rac8 16. f3 f5 17. Qf4 Nxd2 18. Kxd2 Qc7 19. Qxc7 Rxc7 20. f4 Nd7 21. Nf3
Rf8 22. Rag1 Nf6 23. Ne5 Nd7 1/2-1/2

[Event "Benidorm 2003 - sub2300"]
[Site "Benidorm ESP"]
[Date "2003.11.23"]
[Round "3.25"]
[White "Varas, Carlos"]
[Black "Montell Zabay, Alberto"]
[Result "1-0"]
[WhiteElo "2254"]
[BlackElo "2163"]
[PlyCount "37"]
[EventDate "2003.11.21"]
[EventType "swiss"]
[EventRounds "9"]
[EventCountry "ESP"]
[Source "lmi"]
[SourceDate "2003.11.21"]

1. e4 g6 2. d4 Bg7 3. Nc3 d6 4. Nf3 Nf6 5. Be2 O-O 6. O-O c5 7. dxc5 dxc5 8.
Qxd8 Rxd8 9. Be3 Nfd7 10. Nd5 Nc6 11. Bb5 Kf8 12. Rfd1 Nd4 13. Nxd4 cxd4 14.
Bxd4 Bxd4 15. Rxd4 Nf6 16. Rad1 e5 17. R4d3 Nxe4 18. Nc7 Rxd3 19. Bxd3 1-0

[Event "Benidorm 2003 - sub2300"]
[Site "Benidorm ESP"]
[Date "2003.11.23"]
[Round "3.26"]
[White "Fenollar Jorda, Manuel"]
[Black "Mihailovs, Jurijs"]
[Result "1-0"]
[WhiteElo "2251"]
[BlackElo "2152"]
[PlyCount "64"]
[EventDate "2003.11.21"]
[EventType "swiss"]
[EventRounds "9"]
[EventCountry "ESP"]
[Source "lmi"]
[SourceDate "2003.11.21"]

1. e4 c5 2. Nf3 e6 3. d4 cxd4 4. Nxd4 a6 5. c4 Qc7 6. Bd3 Nf6 7. Nc3 Nc6 8. Nb3
b6 9. O-O Bb7 10. f4 d6 11. Qe2 Be7 12. Bd2 Nd7 13. Rae1 Nc5 14. Nxc5 bxc5 15.
e5 Nd4 16. Qg4 g6 17. Be4 Rd8 18. Bc1 Bc6 19. b3 Qb7 20. Bb2 d5 21. Bd3 dxc4
22. Bxc4 Nb5 23. Rd1 Rxd1 24. Rxd1 O-O 25. h4 Rd8 26. h5 Nxc3 27. Rxd8+ Bxd8
28. Bxc3 Bd5 29. hxg6 hxg6 30. Qe2 Bxc4 31. Qxc4 Bb6 32. Kf2 Kf8 1-0

[Event "Benidorm 2003 - sub2300"]
[Site "Benidorm ESP"]
[Date "2003.11.23"]
[Round "3.27"]
[White "Alonso Moyano, Jonathan"]
[Black "Christensen, Esben"]
[Result "1-0"]
[WhiteElo "2244"]
[BlackElo "2083"]
[PlyCount "49"]
[EventDate "2003.11.21"]
[EventType "swiss"]
[EventRounds "9"]
[EventCountry "ESP"]
[Source "lmi"]
[SourceDate "2003.11.21"]

1. e4 c5 2. Nf3 e6 3. b3 d5 4. Bb5+ Bd7 5. Bxd7+ Nxd7 6. exd5 exd5 7. O-O Bd6
8. Bb2 Ngf6 9. Re1+ Kf8 10. Nc3 a6 11. a4 h5 12. d4 cxd4 13. Qxd4 Bc5 14. Ba3
Bxa3 15. Rxa3 Qc7 16. Nxd5 Nxd5 17. Qxd5 Nf6 18. Qe5 Qxe5 19. Rxe5 Rh6 20. Ra1
Re8 21. Rd1 Rxe5 22. Nxe5 Ng4 23. Rd8+ Ke7 24. Rd7+ Ke6 25. Nxg4 1-0

[Event "Benidorm 2003 - sub2300"]
[Site "Benidorm ESP"]
[Date "2003.11.23"]
[Round "3.28"]
[White "Llavador Moron, Juan Jose"]
[Black "Garcia Amoros, Pablo"]
[Result "1-0"]
[WhiteElo "2108"]
[BlackElo "2211"]
[PlyCount "78"]
[EventDate "2003.11.21"]
[EventType "swiss"]
[EventRounds "9"]
[EventCountry "ESP"]
[Source "lmi"]
[SourceDate "2003.11.21"]

1. e4 c5 2. Nf3 e6 3. d4 cxd4 4. Nxd4 Nc6 5. Nb5 d6 6. c4 Nf6 7. N1c3 a6 8. Na3
Be7 9. Be2 O-O 10. O-O b6 11. f4 Bb7 12. Bf3 Qc7 13. Be3 Nd7 14. Rc1 Nc5 15.
Nab1 Rac8 16. a3 a5 17. Nb5 Qb8 18. N1c3 Rfd8 19. Rb1 Ba8 20. b4 axb4 21. axb4
Nd7 22. Qa4 Bf6 23. Rfd1 Ne7 24. Qb3 Bxc3 25. Nxc3 Nf6 26. Ra1 Qc7 27. Nb5 Qxc4
28. Qxc4 Rxc4 29. Bxb6 Rb8 30. Bc7 Rxc7 31. Nxc7 Bxe4 32. Bxe4 Nxe4 33. Ra8
Rxa8 34. Nxa8 Nd5 35. b5 Nec3 36. b6 Nxb6 37. Rxd6 g6 38. Nxb6 Ne2+ 39. Kf2
Nxf4 1-0

[Event "Benidorm 2003 - sub2300"]
[Site "Benidorm ESP"]
[Date "2003.11.23"]
[Round "3.29"]
[White "Babataeva, Indira"]
[Black "Cordon Gutierrez, Juan Pedro"]
[Result "1-0"]
[WhiteElo "2122"]
[BlackElo "2209"]
[PlyCount "33"]
[EventDate "2003.11.21"]
[EventType "swiss"]
[EventRounds "9"]
[EventCountry "ESP"]
[Source "lmi"]
[SourceDate "2003.11.21"]

1. e4 c6 2. d4 d5 3. e5 c5 4. dxc5 Nc6 5. Bb5 e6 6. Be3 Qa5+ 7. Nc3 Bd7 8. Bxc6
Bxc6 9. Qd4 Ne7 10. g4 h5 11. f3 Qc7 12. O-O-O Ng6 13. f4 hxg4 14. f5 exf5 15.
Nxd5 O-O-O 16. c4 Qxe5 17. Nb6+ 1-0